Catálogo público

Identificación del hongo causante de la muerte de follaje en coquillo (Cyperus esculentus L.) en Chapingo, Estado de Mèxico / Miguel Àngel Hernández Valencia; Director Luis Othon Espinosa Carrillo (Record no. 217259)

MARC details
000 -CABECERA
campo de control de longitud fija 00886nam a2200217Ia 4500
001 - NÚMERO DE CONTROL
campo de control Para_10021
008 - DATOS DE LONGITUD FIJA--INFORMACIÓN GENERAL
campo de control de longitud fija 220602s9999 xx 000 0 und d
090 ## - LOCALMENTE ASIGNADO TIPO-LC NÚMERO DE CLASIFICACIÓN (OCLC); NÚMERO DE CLASIFICACIÓN LOCAL (RLIN)
Número de clasificación (OCLC) (R) ; Numero de clasificación, CALL (RLIN) (NR) PA CD - TESIS 95
100 ## - ENTRADA PRINCIPAL--NOMBRE DE PERSONA
Nombre de persona Hernández Valencia, Miguel Ángel
9 (RLIN) 54692
245 ## - MENCIÓN DE TÍTULO
Título Identificación del hongo causante de la muerte de follaje en coquillo (Cyperus esculentus L.) en Chapingo, Estado de Mèxico / Miguel Àngel Hernández Valencia; Director Luis Othon Espinosa Carrillo
260 ## - PUBLICACIÓN, DISTRIBUCIÓN, ETC.
Lugar de publicación, distribución, etc. Chapingo, Méx.: el autor
300 ## - DESCRIPCIÓN FÍSICA
Extensión 1 CDS ROM (29 p.)
502 ## - NOTA DE TESIS
Nota de tesis Tesis (Ing. Agr. Esp. en Parasitología Agrícola). UACh
700 ## - PUNTO DE ACCESO ADICIONAL--NOMBRE DE PERSONA
Nombre de persona Espinosa Carrillo, Luis Othon. Director
9 (RLIN) 171340
710 ## - PUNTO DE ACCESO ADICIONAL--NOMBRE DE ENTIDAD CORPORATIVA
Nombre de entidad corporativa o nombre de jurisdicción como elemento de entrada UACh. Departamento Parasitología AgrícolaÌ
9 (RLIN) 185010
901 ## - ELEMENTOS DE DATOS A LOCAL LDA (RLIN)
a PA CD - TESIS 95
902 ## - ELEMENTOS DE DATOS B LOCAL, LDB (RLIN)
a M
905 ## - ELEMENTOS DE DATOS E LOCAL, LDE (RLIN)
a 513220Agostom 2011 a 8100000000 06
942 ## - ELEMENTOS DE PUNTO DE ACCESO ADICIONAL (KOHA)
Tipo de ítem Koha Tesis_
Holdings
Estado de retiro Estado de pérdida Fuente del sistema de clasificación o colocación Estado dañado Restricciones de uso No para préstamo Código de colección Localización permanente Ubicación/localización actual Ubicación en estantería Fecha de adquisición Total de préstamos Código de barras Fecha visto por última vez Número de copia Precio válido a partir de Tipo de ítem Koha Nota pública
    Clasificación Universidad Autónoma de Chapingo   Préstamo interno   Tesis Parasitologia Agricola Parasitologia Agricola   24/11/2014   PA_010162 02/06/2022 1 02/06/2022 Tesis digital 3